MARC

LEADER 00000nam0a2200000 4500
001 296011
005 20231102000850.0
035 |a (RuTPU)RU\TPU\book\321104 
090 |a 296011 
100 |a 20150527d1975 km y0rusy50 ca 
101 0 |a rus 
102 |a RU 
105 |a a z 001zy 
200 1 |a Основы расчета и конструирования низковольтной аппаратуры  |f А. С. Сухарев  |g Мордовский государственный университет им. Н. П. Огарева 
210 |a Саранск  |c Мордовское кн. изд-во  |d 1975 
215 |a 286 с.  |c ил. 
320 |a Библиогр.: с. 271-272. 
606 1 |a Электрическая аппаратура, низковольтная  |2 stltpush  |3 (RuTPU)RU\TPU\subj\26835  |9 50676 
610 1 |a расчет 
610 1 |a конструирование 
610 1 |a контактные устройства 
610 1 |a электромагнитные аппараты 
610 1 |a дугогасительные устройства 
610 1 |a втягивающие катушки 
610 1 |a магнитные системы 
610 1 |a электрические аппараты 
675 |a 621.31.027.2  |v 3 
700 1 |a Сухарев  |b А. С.  |g Александр Сергеевич 
712 0 2 |a Мордовский государственный университет им. Н. П. Огарева  |c (Саранск)  |2 stltpush  |3 (RuTPU)RU\TPU\col\6661  |9 24254 
801 1 |a RU  |b 63413507  |c 20150527 
801 2 |a RU  |b 63413507  |c 20161114  |g RCR 
942 |c BK